[Event "Kottayam op"]
[Site "Kottayam"]
[Date "2025.05.05"]
[Round "8"]
[White "Sharma, Dinesh Kumar"]
[Black "Afreed, T Khan"]
[Result "1-0"]
[WhiteElo "2164"]
[BlackElo "1921"]
[PlyCount "51"]
[EventDate "2025.04.30"]
[EventType "swiss"]
[EventRounds "10"]
[EventCountry "IND"]
[SourceTitle "CB19_2025"]
[SourceDate "2025.05.07"]
[SourceVersion "1"]
[SourceVersionDate "2025.05.07"]
[SourceQuality "1"]

1. e4 e5 2. Nf3 Nc6 3. Bb5 a6 4. Ba4 d6 5. 0-0 Bd7 6. c4 Bg4 7. d3 Be7 8. Nc3 Nf6 9. h3 Bxf3 10. Qxf3 0-0 11. Bxc6 bxc6 12. Be3 Nd7 13. b4 Bg5 14. Qd1 h6 15. Qa4 c5 16. a3 Re8 17. Qc6 a5 18. bxa5 Nf8 19. a6 Ne6 20. Rab1 Bf4 21. Nd5 Qg5 22. a7 Rec8 23. Qxa8 Rxa8 24. Rb8+ Qd8 25. Rxd8+ Nxd8 26. Rb1 1-0

[Event "Kottayam op"]
[Site "Kottayam"]
[Date "2025.05.01"]
[Round "2"]
[White "Grigoryan, Karen H"]
[Black "Afreed, T Khan"]
[Result "1-0"]
[WhiteElo "2556"]
[BlackElo "1921"]
[PlyCount "69"]
[EventDate "2025.04.30"]
[EventType "swiss"]
[EventRounds "10"]
[EventCountry "IND"]
[SourceTitle "CB19_2025"]
[SourceDate "2025.05.07"]
[SourceVersion "1"]
[SourceVersionDate "2025.05.07"]
[SourceQuality "1"]

1. d4 Nf6 2. c4 g6 3. Nc3 Bg7 4. e4 d6 5. Be2 0-0 6. Bg5 h6 7. Be3 e5 8. d5 a5 9. g4 Nfd7 10. h4 Nc5 11. Qd2 Kh7 12. h5 g5 13. f3 Nba6 14. Bd1 c6 15. Nge2 cxd5 16. cxd5 Bd7 17. Ng3 Rc8 18. Be2 a4 19. Kf2 Qa5 20. Rhc1 Bf6 21. Nb5 Qb6 22. Na3 Be7 23. Rc3 Qa7 24. Bb5 Rfd8 25. Qe2 Nb4 26. Bxd7 Rxd7 27. Qb5 Qa6 28. Rxc5 Nd3+ 29. Qxd3 Qxd3 30. Rxc8 Bd8 31. Rac1 Qa6 32. Nf5 Bb6 33. Rf8 Bxe3+ 34. Nxe3 Qd3 35. Nb1 1-0

[Event "Bangalore op-B 1st"]
[Site "Bangalore"]
[Date "2024.01.20"]
[Round "7"]
[White "Afreed, T Khan"]
[Black "Jaidambareesh, NR."]
[Result "0-1"]
[WhiteElo "1668"]
[BlackElo "1757"]
[PlyCount "64"]
[EventDate "2024.01.18"]
[EventType "swiss"]
[EventRounds "10"]
[EventCountry "IND"]
[SourceTitle "EXT 2025"]
[Source "ChessBase"]
[SourceDate "2024.10.14"]
[SourceVersion "1"]
[SourceVersionDate "2024.10.14"]
[SourceQuality "1"]

1. d4 Nf6 2. c4 g6 3. Nc3 d5 4. cxd5 Nxd5 5. e4 Nxc3 6. bxc3 Bg7 7. Nf3 c5 8. Bc4 0-0 9. e5 Bg4 10. Be3 Nc6 11. 0-0 Qc7 12. Be2 Rfd8 13. Qa4 a6 14. Rfd1 b5 15. Qa3 cxd4 16. cxd4 Be6 17. Rac1 Bd5 18. Ne1 Qa5 19. Qc5 e6 20. Nd3 Bf8 21. Qc3 Qxa2 22. Bf3 Bxf3 23. gxf3 Rdc8 24. Nf4 Ne7 25. Qe1 Nd5 26. Ra1 Qb3 27. Rdb1 Qc3 28. Qxc3 Nxc3 29. Rb3 a5 30. d5 a4 31. Rb2 exd5 32. Bd4 b4 0-1